<?xml version="1.0" encoding="UTF-8"?>
<collection xmlns="http://www.loc.gov/MARC21/slim">
<record>
  <controlfield tag="001">170895</controlfield>
  <controlfield tag="005">20260429150232.0</controlfield>
  <datafield tag="037" ind1=" " ind2=" ">
    <subfield code="a">TAZ-TFG-2025-518</subfield>
  </datafield>
  <datafield tag="041" ind1=" " ind2=" ">
    <subfield code="a">spa</subfield>
  </datafield>
  <datafield tag="100" ind1="1" ind2=" ">
    <subfield code="a">Marín Jordán. Isabel</subfield>
  </datafield>
  <datafield tag="242" ind1="0" ind2="0">
    <subfield code="a">STANDARDIZED CARE PLAN FOR TRACHEOSTOMATED PATIENTS IN THE INTENSIVE CARE UNIT</subfield>
  </datafield>
  <datafield tag="245" ind1="0" ind2="0">
    <subfield code="a">PLAN DE CUIDADOS ESTANDARIZADO A PACIENTES TRAQUEOSTOMIZADOS EN UNIDAD DE CUIDADOS INTENSIVOS</subfield>
  </datafield>
  <datafield tag="260" ind1=" " ind2=" ">
    <subfield code="a">Zaragoza</subfield>
    <subfield code="b">Universidad de Zaragoza</subfield>
    <subfield code="c">2025</subfield>
  </datafield>
  <datafield tag="506" ind1=" " ind2=" ">
    <subfield code="a">by-nc-sa</subfield>
    <subfield code="b">Creative Commons</subfield>
    <subfield code="c">3.0</subfield>
    <subfield code="u">http://creativecommons.org/licenses/by-nc-sa/3.0/</subfield>
  </datafield>
  <datafield tag="520" ind1=" " ind2=" ">
    <subfield code="a">Introducción: La traqueostomía es una técnica quirúrgica cuyo objetivo es comunicar la tráquea con el exterior para establecer una vía aérea segura. La incidencia de realización de este procedimiento es elevada, principalmente en las áreas de unidades de cuidados intensivos (UCI). Su morbilidad es del 10-30% y su mortalidad oscila entre el 1-3%, por lo que es esencial la prevención de riesgos y complicaciones a lo largo de todo el proceso. Para ello, es necesario un manejo de los cuidados altamente especializado por parte del equipo de salud, concretamente del personal de enfermería.&lt;br />Objetivo: Unificar criterios de actuación, optimizar los procesos asistenciales y mejorar la calidad en la atención de los pacientes traqueostomizados ingresados en UCI.&lt;br />Metodología: Se ha realizado una revisión bibliográfica en diferentes bases de datos, revistas y libros. Para el desarrollo del plan de cuidados se ha utilizado el modelo de valoración de enfermería de las 14 Necesidades Básicas de Virginia Henderson y las taxonomías NANDA, NIC y NOC disponibles en ClinicalKey Student.&lt;br />Desarrollo: El plan de Cuidados Estandarizado se inicia con la valoración enfermera, y tras esta, se desarrollan los principales diagnósticos de independencia, problemas de colaboración y diagnósticos de autonomía con el fin de utilizarlo como guía estándar en situaciones similares.&lt;br />Conclusión: Un plan de cuidados estándar permite ofrecer una atención de calidad respaldada por la evidencia científica más reciente, siendo una herramienta esencial para unificar los cuidados. Sin embargo, es importante considerar que se diseña desde una perspectiva general y que, al aplicarlo, debe adaptarse a las necesidades individuales de cada paciente y a las particularidades de cada situación.&lt;br />Palabras clave: Traqueostomía, Enfermería, Unidad de Cuidados Intensivos, Cuidados y Cánula.&lt;br />&lt;br /></subfield>
  </datafield>
  <datafield tag="521" ind1=" " ind2=" ">
    <subfield code="a">Graduado en Enfermería</subfield>
  </datafield>
  <datafield tag="540" ind1=" " ind2=" ">
    <subfield code="a">Derechos regulados por licencia Creative Commons</subfield>
  </datafield>
  <datafield tag="856" ind1="0" ind2=" ">
    <subfield code="f">843987@unizar.es</subfield>
  </datafield>
  <datafield tag="856" ind1="4" ind2=" ">
    <subfield code="s">1697440</subfield>
    <subfield code="u">http://zaguan.unizar.es/record/170895/files/TAZ-TFG-2025-518.pdf</subfield>
    <subfield code="y">Memoria (spa)</subfield>
  </datafield>
  <datafield tag="909" ind1="C" ind2="O">
    <subfield code="o">oai:zaguan.unizar.es:170895</subfield>
    <subfield code="p">driver</subfield>
    <subfield code="p">trabajos-fin-grado</subfield>
  </datafield>
  <datafield tag="950" ind1=" " ind2=" ">
    <subfield code="a"></subfield>
  </datafield>
  <datafield tag="691" ind1=" " ind2=" ">
    <subfield code="a">3</subfield>
  </datafield>
  <datafield tag="692" ind1=" " ind2=" ">
    <subfield code="a">Atención de calidad y segura: Un plan bien estructurado mejora los resultados del paciente, reduce complicaciones (como infecciones respiratorias o estenosis traqueal) y promueve una recuperación más rápida. Reducción de la mortalidad: Los cuidados adecuados en UCI pueden disminuir la mortalidad asociada a la traqueostomía. Optimización de recursos: Mejora la eficiencia del cuidado, evitando hospitalizaciones prolongadas o reingresos innecesarios.</subfield>
  </datafield>
  <datafield tag="700" ind1=" " ind2=" ">
    <subfield code="a">Orea Castellano, Enrique</subfield>
    <subfield code="e">dir.</subfield>
  </datafield>
  <datafield tag="710" ind1="2" ind2=" ">
    <subfield code="a">Universidad de Zaragoza</subfield>
    <subfield code="b">Fisiatría y Enfermería</subfield>
    <subfield code="c">Enfermería</subfield>
  </datafield>
  <datafield tag="980" ind1=" " ind2=" ">
    <subfield code="a">TAZ</subfield>
    <subfield code="b">TFG</subfield>
    <subfield code="c">ENFTER</subfield>
  </datafield>
  <datafield tag="999" ind1=" " ind2=" ">
    <subfield code="a">20250507213518.CREATION_DATE</subfield>
  </datafield>
  <datafield tag="951" ind1=" " ind2=" ">
    <subfield code="a">deposita:2026-04-29</subfield>
  </datafield>
</record>
</collection>